000 00477nam a22001577a 4500
003 OSt
005 20260123122921.0
008 260123b |||||||| |||| 00| 0 eng d
040 _cMRSPTU
041 _aEnglish
100 _aManjeet Singh, Supervisor: Naresh Kumar Garg
245 _aAudio Noise Reduction Using Different Filters and Discrete Wavelet Transformation
260 _bDepartment of CSE, MRSPTU, Bathinda
_c2014
650 _aComputer Science
942 _2ddc
_cTH
_n0
999 _c10735
_d10735